| 000 | 01001 a2200205 4500 | ||
|---|---|---|---|
| 003 | Nust | ||
| 005 | 20221010114349.0 | ||
| 010 | _a 2004041025 | ||
| 020 | _a1580537022 (alk. paper) | ||
| 040 | _cNust | ||
| 082 | 0 | 0 | _a658.478,PUR |
| 100 | 1 |
_aPurser, Steve. _999638 |
|
| 245 | 1 | 2 |
_aA practical guide to managing information security / _cSteve Purser. |
| 260 |
_aBoston, MA : _bArtech House, _c2004. |
||
| 300 |
_axvii, 259 p. : _bill. ; _c26 cm. |
||
| 440 | 0 |
_aArtech House technology management and professional development library _999639 |
|
| 505 | _aThe Need for a Proactive Approach (Page-1), Management Techniques (Page-23), Technical Tools (Page-47), A Proactive Approach: Overview (Page-85), The Information-Security Strategy (Page-109), Policy and Standards (Page-131), Processes Design and Implementation (Page-155), Building an IT Security Architecture (Page-181), Creating a Security-Minded Culture (Page-215). | ||
| 650 | 0 |
_aComputer security _xManagement. _999387 |
|
| 942 |
_cREF _2ddc |
||
| 999 |
_c176037 _d176037 |
||